[Event "Valasska Bystrice op 13th"]
[Site "Valasska Bystrice"]
[Date "2022.09.16"]
[Round "8"]
[White "Mattivi, Jaroslav"]
[Black "Martikanova, Amalie"]
[Result "0-1"]
[WhiteElo "1142"]
[BlackElo "1186"]
[PlyCount "40"]
[EventDate "2022.09.10"]
[EventType "swiss"]
[EventRounds "9"]
[EventCountry "CZE"]
[SourceTitle "CBM 210 Extra"]
[Source "ChessBase"]
[SourceDate "2022.11.30"]
[SourceVersion "1"]
[SourceVersionDate "2022.11.30"]
[SourceQuality "1"]

1. d4 Nf6 2. c4 e6 3. Nc3 b6 4. e4 Bb4 5. Qc2 h6 6. f3 d5 7. cxd5 exd5 8. Be3 0-0 9. 0-0-0 a5 10. e5 Nh7 11. Bd3 f5 12. exf6 Nxf6 13. Rf1 Qe7 14. Na4 Qxe3+ 15. Kb1 Bd7 16. Ne2 Bxa4 17. Qxa4 Qxd3+ 18. Qc2 Qxc2+ 19. Kxc2 Re8 20. Ng3 Nc6 0-1